[Event "It (open)"]
[Site "masterchessopen.com New Delhi (India)"]
[Date "2012.01.21"]
[Round "9"]
[White "Pradeep Kumar R A (IND)"]
[Black "Sandeep Chitkara (IND)"]
[Result "1-0"]
[WhiteElo "2268"]
[BlackElo "1943"]

1.Nf3 Nf6 2.c4 e6 3.g3 d5 4.Bg2 Nbd7 5.O-O Be7 6.d4 O-O 7.Qc2 c6 8.Nbd2 Qc7
9.e4 dxe4 10.Nxe4 Nxe4 11.Qxe4 Nf6 12.Qe2 b6 13.Bf4 Bd6 14.Ne5 Bb7 15.c5 Bxe5
16.Bxe5 Qd8 17.Bxf6 Qxf6 18.Qe5 Qxe5 19.dxe5 Rfd8 20.b4 Rd4 21.b5 bxc5 22.bxc6
Ba6 23.Rfc1 c4 24.Rab1 Rc8 25.Rb4 g6 26.h4 h5 27.Rcb1 Rd5 28.Bxd5 exd5 29.Rb8
c3 30.Rxc8+ Bxc8 31.Rd1 Be6 32.c7 {#r} 1-0

[Event "Czech League 2011/12 (2nd) (e)"]
[Site "masterchessopen.com Czech Republic"]
[Date "2012.01.22"]
[Round "6"]
[White "Vechet Stanislav (CZE)"]
[Black "Cupal Miroslav (CZE)"]
[Result "1-0"]
[WhiteElo "2180"]
[BlackElo "2047"]

1.d4 Nf6 2.c4 e6 3.g3 Be7 4.Bg2 d5 5.Nf3 O-O 6.O-O c6 7.Nbd2 Nbd7 8.Qc2 b6
9.e4 dxe4 10.Nxe4 Nxe4 11.Qxe4 Bb7 12.Rd1 Nf6 13.Qc2 Qc8 14.c5 Nd5 15.a3 b5
16.Bg5 Qd8 17.h4 Nf6 18.Ne5 Rc8 19.b4 h6 20.Bxf6 Bxf6 21.a4 a6 22.Qe4 Qc7
23.Ng4 Be7 24.Bf1 Rfd8 25.Bd3 g6 26.Nxh6+ Kg7 27.Nxf7 Kxf7 28.Qxg6+ Kf8
29.Qh6+ Ke8 30.Bg6+ Kd7 31.Bf7 {#r} 1-0

[Event "It (open) \"]
[Site "masterchessopen.com Moscow (Russia)"]
[Date "2012.02.08"]
[Round "2"]
[White "Can Emre (TUR)"]
[Black "Goryachkina Aleksandra (RUS)"]
[Result "1-0"]
[WhiteElo "2462"]
[BlackElo "2333"]

1.d4 d5 2.Nf3 c6 3.c4 e6 4.Nbd2 Nf6 5.g3 Nbd7 6.Bg2 Be7 7.O-O O-O 8.Qc2 b6
9.e4 Bb7 10.e5 Ne8 11.cxd5 cxd5 12.Re1 a5 13.Nf1 Ba6 14.Bf4 b5 15.h4 h6
16.N1h2 Qc8 17.Qd1 Nb6 18.Ng4 Na4 19.Rb1 Qd7 20.Qc1 Rc8 21.Qe3 b4 22.Bh3 Rc2
23.Bxh6 gxh6 24.Qxh6 Bd3 25.Nf6+ Bxf6 26.exf6 Qd8 27.Rxe6 fxe6 28.Bxe6+ Rf7
29.Bxf7+ Kxf7 30.Ng5+ {#r} 1-0

[Event "Ch Kazakhstan (1/2 final)"]
[Site "masterchessopen.com Pavlodar (Kazakhstan)"]
[Date "2012.02.22"]
[Round "2"]
[White "Lozhnikov V (KAZ)"]
[Black "Medibayev Renat (KAZ)"]
[Result "1-0"]
[WhiteElo "2117"]
[BlackElo "2132"]

1.d4 d5 2.c4 e6 3.Nf3 Nf6 4.g3 Be7 5.Bg2 O-O 6.O-O Nbd7 7.Qc2 c6 8.Nbd2 Re8
9.e4 dxe4 10.Nxe4 Nxe4 11.Qxe4 c5 12.Rd1 Qb6 13.Qe2 cxd4 14.Nxd4 a6 15.Nb3 Bf8
16.Be3 Qc7 17.Rac1 e5 18.c5 Nb8 19.Nd2 Nc6 20.Ne4 Be6 21.Ng5 Bf5 22.Bd5 Bg6
23.h4 h5 24.Qf3 Rad8 25.Be4 Rxd1+ 26.Rxd1 Rd8 27.Bxg6 fxg6 28.Rxd8 Nxd8
29.Qd5+ Nf7 30.b4 {#r} 1-0

[Event "Ch City (open)"]
[Site "masterchessopen.com Osijek (Croatia)"]
[Date "2012.02.24"]
[Round "4"]
[White "Djurovic Goran (CRO)"]
[Black "Svetinovic Darjan (CRO)"]
[Result "1-0"]
[WhiteElo "2361"]
[BlackElo "1846"]

1.c4 Nf6 2.Nf3 e6 3.g3 c6 4.Bg2 d5 5.Qc2 Be7 6.O-O O-O 7.d4 Nbd7 8.Nbd2 b5
9.b3 Bb7 10.Bb2 bxc4 11.bxc4 c5 12.Rfc1 dxc4 13.Nxc4 Nb6 14.Na5 Bxf3 15.Bxf3
Nbd5 16.Nc6 Qd7 17.Nxe7+ Qxe7 18.e4 Nb4 19.Qc4 cxd4 20.a3 Rac8 21.Qxb4 {#r}
1-0

[Event "Ch Slovakia (juniors) (under 14)"]
[Site "masterchessopen.com Stara Lubovna (Slovakia)"]
[Date "2012.03.19"]
[Round "4"]
[White "Spacek Oliver"]
[Black "Puskar Peter"]
[Result "1-0"]
[WhiteElo "1918"]
[BlackElo "1822"]

1.d4 d5 2.c4 e6 3.Nf3 Nf6 4.g3 c6 5.Nbd2 Be7 6.Bg2 O-O 7.O-O Nbd7 8.Qc2 b5
9.c5 a5 10.e4 Ba6 11.e5 Ne8 12.Re1 Nc7 13.a3 b4 14.a4 f5 15.exf6 Bxf6 16.Nf1
Qe7 17.Bf4 Ne8 18.Bh3 g6 19.Bxe6+ Kh8 20.Bxd5 Qxe1 21.Rxe1 cxd5 22.Ne3 Bg7
23.b3 Nef6 24.Ng5 Rae8 25.Bd6 {#r} 1-0

[Event "Ch Europe (seniors) (team)"]
[Site "masterchessopen.com Rogatska Slatina (Slovenia)"]
[Date "2012.04.01"]
[Round "6"]
[White "Donchenko Anatoly G (GER)"]
[Black "Giulian Philip M (SCO)"]
[Result "1-0"]
[WhiteElo "2376"]
[BlackElo "2290"]

1.d4 d5 2.c4 e6 3.Nf3 c6 4.Qc2 Nf6 5.Nbd2 Nbd7 6.g3 Be7 7.Bg2 O-O 8.O-O b6
9.e4 Ba6 10.b3 Rc8 11.Bb2 c5 12.exd5 exd5 13.Qf5 g6 14.Qh3 cxd4 15.Nxd4 Nc5
16.Rad1 Nd3 17.Ba1 Bc5 18.cxd5 Nxd5 19.Ne6 {#r} 1-0

[Event "It (open)"]
[Site "masterchessopen.com Skopje (Macedonia)"]
[Date "2012.04.07"]
[Round "1"]
[White "Arnaudov G Petar (BUL)"]
[Black "Jancev Valentin (MKD)"]
[Result "1-0"]
[WhiteElo "2473"]
[BlackElo "1998"]

1.Nf3 Nf6 2.c4 e6 3.g3 d5 4.Bg2 Be7 5.O-O c6 6.d4 Nbd7 7.Nbd2 O-O 8.Qc2 b6
9.e4 dxe4 10.Nxe4 Bb7 11.Nxf6+ Bxf6 12.Rd1 Qc8 13.Ng5 g6 14.Ne4 Be7 15.Bf4 Nf6
16.c5 Nd5 17.Be5 f5 18.Nd6 Bxd6 19.Bxd6 Rf7 20.Re1 Qd7 21.Re5 Re8 22.Rae1 Bc8
23.a3 Qb7 24.Rxd5 cxd5 25.c6 Qa8 26.Bxd5 Rfe7 27.Bb3 Kf7 28.d5 exd5 29.Bxe7
Rxe7 30.Bxd5+ Be6 31.Rxe6 Rxe6 32.Qc4 Qc8 33.c7 {#r} 1-0

[Event "Ch Russia (Higher League)"]
[Site "masterchessopen.com Tiumen (Russia)"]
[Date "2012.06.18"]
[Round "3"]
[White "Alekseev Evgeny (RUS)"]
[Black "Prizant Jaroslav (RUS)"]
[Result "0-1"]
[WhiteElo "2677"]
[BlackElo "2524"]

1.d4 d5 2.Nf3 c6 3.c4 e6 4.Nbd2 Nf6 5.g3 Be7 6.Bg2 O-O 7.O-O Nbd7 8.Qc2 b6
9.e4 Bb7 10.e5 Ne8 11.b3 c5 12.Bb2 Rc8 13.dxc5 Nxc5 14.Rad1 Nc7 15.Qb1 a5
16.Rfe1 b5 17.Nd4 Qd7 18.cxd5 Bxd5 19.f3 Ba8 20.Nf1 Nd5 21.f4 g6 22.h4 b4
23.h5 Rfd8 24.Nh2 Qa7 25.Kh1 Nc3 26.Bxc3 bxc3 27.Qc2 Na6 28.Nb5 Bxg2+ 29.Qxg2
Rxd1 30.Rxd1 c2 31.Rc1 Qe3 32.Qg1 Qxg1+ 33.Kxg1 Bc5+ {#R} 0-1

[Event "It (open)"]
[Site "masterchessopen.com Palanga (Lithuania)"]
[Date "2012.06.19"]
[Round "1"]
[White "Bieliauskas Marius (LTU)"]
[Black "Michailov Andrej (LTU)"]
[Result "1-0"]
[WhiteElo "2140"]
[BlackElo "1680"]

1.d4 d5 2.Nf3 Nf6 3.c4 e6 4.g3 Be7 5.Bg2 O-O 6.O-O Nbd7 7.Qc2 c6 8.Nbd2 Re8
9.e4 dxe4 10.Nxe4 Nxe4 11.Qxe4 Nf6 12.Qe2 Bd7 13.Ne5 Rc8 14.Rd1 Bd6 15.a3 Qe7
16.b4 h6 17.Bb2 Red8 18.Nxd7 Nxd7 19.Bh3 Nf8 20.Re1 Qc7 21.d5 Re8 22.c5 exd5
23.Qxe8 Rxe8 24.Rxe8 Be7 25.Rc8 {#r} 1-0

[Event "It (open) (b)"]
[Site "masterchessopen.com Pardubice (Czech Republic)"]
[Date "2012.07.20"]
[Round "1"]
[White "Tolstikh Nikolay (RUS)"]
[Black "Schoen Rudolf (GER)"]
[Result "1-0"]
[WhiteElo "2318"]
[BlackElo "2011"]

1.Nf3 d5 2.d4 Nf6 3.c4 c6 4.Qc2 e6 5.Nbd2 Be7 6.g3 Nbd7 7.Bg2 O-O 8.O-O b6
9.e4 dxe4 10.Nxe4 Nxe4 11.Qxe4 Ba6 12.b3 Rc8 13.Bf4 Nf6 14.Qc2 Bb7 15.Rad1 Nh5
16.Bc1 Rc7 17.Ne5 Qa8 18.c5 Nf6 19.Rfe1 Rd8 20.Bg5 h6 21.Bxf6 Bxf6 22.f4 Bxe5
23.dxe5 Rcd7 24.Rd6 Rxd6 25.exd6 Qb8 26.b4 Ba8 27.f5 bxc5 28.bxc5 exf5 29.Qxf5
Re8 30.Re7 Rxe7 31.dxe7 Qe8 32.Qe5 a5 33.Bh3 {#r} 1-0

[Event "It (open)"]
[Site "masterchessopen.com Avoine (France)"]
[Date "2012.07.21"]
[Round "1"]
[White "Wenzel Johannes (GER)"]
[Black "Riverais Gerald (FRA)"]
[Result "1-0"]
[WhiteElo "2136"]
[BlackElo "1945"]

1.Nf3 Nf6 2.c4 e6 3.g3 d5 4.Bg2 Be7 5.O-O O-O 6.d4 c6 7.Qc2 Nbd7 8.Nbd2 Re8
9.e4 dxe4 10.Nxe4 b6 11.Rd1 Bb7 12.Bf4 Nxe4 13.Qxe4 Nf6 14.Qc2 Qc8 15.c5 Nd5
16.Bg5 Qc7 17.Bxe7 Qxe7 18.a3 Rad8 19.Rac1 Nc7 20.Ne5 Nb5 21.Nxc6 Bxc6 22.Bxc6
Nxd4 23.Rxd4 Rxd4 24.Bxe8 Qxe8 25.c6 {#r} 1-0

[Event "It (open)"]
[Site "masterchessopen.com Andorra la Vella (Andorra)"]
[Date "2012.07.25"]
[Round "5"]
[White "Demuth Adrien (FRA)"]
[Black "Hoolt Sarah (GER)"]
[Result "1-0"]
[WhiteElo "2460"]
[BlackElo "2272"]

1.Nf3 Nf6 2.c4 e6 3.g3 d5 4.Bg2 Be7 5.O-O O-O 6.d4 Nbd7 7.Qc2 c6 8.Nbd2 b6
9.e4 Bb7 10.e5 Ne8 11.cxd5 exd5 12.Re1 Nc7 13.Nf1 c5 14.Ne3 g6 15.Ng4 Ne6
16.Bh6 Re8 17.Rad1 Rc8 18.Qb1 Qc7 19.Be3 Bf8 20.Bh3 h5 21.Nh6+ Bxh6 22.Bxe6
Bxe3 23.Qxg6+ {#r} 1-0

[Event "It (open)"]
[Site "masterchessopen.com Latschach (Austria)"]
[Date "2012.08.12"]
[Round "2"]
[White "Gagare Shardul (IND)"]
[Black "Kwossek Georg (GER)"]
[Result "1-0"]
[WhiteElo "2287"]
[BlackElo "2024"]

1.c4 Nf6 2.g3 e6 3.Bg2 d5 4.d4 Be7 5.Nf3 O-O 6.O-O c6 7.Qc2 Nbd7 8.Nbd2 b6
9.e4 Bb7 10.e5 Ne8 11.cxd5 cxd5 12.Re1 Rc8 13.Qa4 a6 14.Bf1 b5 15.Qb3 Nb6
16.Bd3 Nc4 17.Nf1 Bc6 18.h4 h6 19.Qd1 a5 20.N1h2 Bb4 21.Re2 a4 22.Rc2 a3 23.b3
Nb2 24.Bxb2 axb2 25.Rb1 f5 26.Rbxb2 Rf7 27.h5 Rfc7 28.Nh4 Bd7 29.Rxc7 Rxc7
30.Rc2 Rc3 31.N2f3 Qc7 32.Ng6 Qc6 33.Qd2 Ba5 34.Ne7+ {#r} 1-0

[Event "It (open) (under 2350)"]
[Site "masterchessopen.com Krakow (Poland)"]
[Date "2012.08.13"]
[Round "7"]
[White "Jahncke Giso (GER)"]
[Black "Bus Konrad (POL)"]
[Result "1-0"]
[WhiteElo "2154"]
[BlackElo "2048"]

1.c4 e6 2.g3 d5 3.Bg2 Nf6 4.Nf3 Be7 5.O-O O-O 6.d4 c6 7.Nbd2 Nbd7 8.Qc2 b6
9.e4 Bb7 10.e5 Ne8 11.cxd5 cxd5 12.Re1 Rc8 13.Qd1 Nb8 14.Nf1 Nc6 15.Ne3 b5
16.Bf1 Qb6 17.Bd3 b4 18.Ng4 Nc7 19.Bb1 Nb5 20.Nf6+ Bxf6 21.exf6 gxf6 22.Bh6
Rfe8 23.Qd3 f5 24.Qe3 f6 25.Bxf5 exf5 26.Qxe8+ Rxe8 27.Rxe8+ Kf7 28.Rae1 Nd6
{#r} 1-0

[Event "It (open) \"]
[Site "masterchessopen.com Berlin (Germany)"]
[Date "2012.08.19"]
[Round "2"]
[White "Wendt Jan-Dietrich (GER)"]
[Black "Guenther Thomas (GER)"]
[Result "1-0"]
[WhiteElo "2367"]
[BlackElo "2085"]

1.Nf3 Nf6 2.c4 e6 3.g3 d5 4.Bg2 Be7 5.O-O O-O 6.d4 Nbd7 7.Qc2 c6 8.Nbd2 b6
9.e4 dxe4 10.Nxe4 Bb7 11.Rd1 Qc8 12.Nxf6+ Nxf6 13.c5 bxc5 14.dxc5 h6 15.b3 Nd5
16.Bb2 Qc7 17.Ne5 Bf6 18.Nc4 Bxb2 19.Qxb2 Qe7 20.Nd6 Rab8 21.Rd2 Ba6 22.Re1
Qc7 23.Qa3 Bb5 24.Rd4 a5 25.Qb2 Qa7 26.Bxd5 cxd5 27.Rg4 g6 28.Qf6 Bd3 29.Qc3
Bf5 30.Ra4 Rb4 31.Qxb4 {#r} 1-0

[Event "Memorial A.Rubinstein (open) (b)"]
[Site "masterchessopen.com Polanica Zdroj (Poland)"]
[Date "2012.08.20"]
[Round "3"]
[White "Wiewiora Eneasz (POL)"]
[Black "Wasik Piotr (POL)"]
[Result "1-0"]
[WhiteElo "2152"]
[BlackElo "1999"]

1.d4 d5 2.Nf3 Nf6 3.c4 c6 4.Nbd2 e6 5.g3 Nbd7 6.Bg2 Be7 7.O-O O-O 8.Qc2 Qb6
9.e4 dxe4 10.Nxe4 Nxe4 11.Qxe4 Rd8 12.Qe2 Bf6 13.Be3 c5 14.Rad1 cxd4 15.Bxd4
Bxd4 16.Rxd4 e5 17.Rd5 Re8 18.Ng5 h6 19.Ne4 Nf6 20.Rd6 Qc7 21.Rxf6 gxf6
22.Nxf6+ Kf8 23.Qh5 Be6 24.Qxh6+ Ke7 25.Qh4 Kf8 26.Qh6+ Ke7 27.Qg5 Kd6 28.Rd1+
Kc5 29.Qe3+ Kb4 30.Qa3+ Kxc4 31.Bf1# 1-0

[Event "Memorial Kesarovski - Stanchev (open)"]
[Site "masterchessopen.com Sunny Beach (Bulgaria)"]
[Date "2012.09.04"]
[Round "4"]
[White "Orev Petar (BUL)"]
[Black "Sedlacek Jiri (CZE)"]
[Result "1-0"]
[WhiteElo "2224"]
[BlackElo "2054"]

1.g3 d5 2.Bg2 Nf6 3.c4 e6 4.Nf3 Be7 5.O-O O-O 6.d4 c6 7.Qc2 Nbd7 8.Nbd2 Re8
9.b3 Nf8 10.Bb2 Ng6 11.e4 dxe4 12.Nxe4 Nxe4 13.Qxe4 Bf6 14.Rfd1 Qa5 15.Ne5 Rb8
16.h4 Nf8 17.a4 Be7 18.Qf4 f6 19.Nxc6 e5 20.Nxe7+ Rxe7 21.dxe5 Ng6 22.Qd2 Qxd2
23.Rxd2 fxe5 24.Rd8+ Kf7 25.Ba3 Re8 {#r} 1-0

[Event "Ch Romania (team) (juniors) (under 20)"]
[Site "masterchessopen.com Mamaia (Romania)"]
[Date "2012.09.05"]
[Round "4"]
[White "Bogdan Horia-Daniel (ROM)"]
[Black "Siclovan Cristian-Danut (ROM)"]
[Result "0-1"]
[WhiteElo "1917"]
[BlackElo "2196"]

1.d4 Nf6 2.c4 e6 3.Nf3 d5 4.g3 c6 5.Bg2 Nbd7 6.O-O Be7 7.Qc2 O-O 8.Nbd2 b6
9.e4 Bb7 10.e5 Ne8 11.b3 Nc7 12.Bb2 Rc8 13.Rac1 c5 14.Rfd1 b5 15.Qb1 bxc4
16.bxc4 Rb8 17.Qc2 Ba6 18.Rb1 dxc4 19.dxc5 Bxc5 20.Nxc4 Nd5 21.Bd4 Rxb1
22.Rxb1 Bxd4 23.Nxd4 Qc7 24.Bxd5 exd5 25.Ne3 Qxe5 26.Nc6 Qd6 27.Nxd5 Re8
28.Rd1 Qa3 29.Nc7 Re2 30.Rxd7 Re1+ {#R} 0-1

[Event "Ch Montenegro (team) (1 liga)"]
[Site "masterchessopen.com Cetinje (Montenegro)"]
[Date "2012.10.07"]
[Round "9"]
[White "Krstonijevic Stjepan (MNE)"]
[Black "Lukic Lazar (MNE)"]
[Result "1-0"]
[WhiteElo "2014"]
[BlackElo "1691"]

1.d4 d5 2.c4 e6 3.Nf3 Nf6 4.g3 Be7 5.Bg2 O-O 6.O-O Nbd7 7.Qc2 c6 8.Nbd2 a6
9.e4 dxe4 10.Nxe4 Nxe4 11.Qxe4 Nf6 12.Qe2 Qc7 13.Bf4 Bd6 14.Bg5 Be7 15.Rad1 h6
16.Bf4 Bd6 17.Ne5 Nd7 18.Rfe1 Nxe5 19.Bxe5 b6 20.c5 bxc5 21.dxc5 Bxe5 22.Qxe5
Ra7 23.Rd6 Qa5 24.a3 f6 25.Qe3 Rd8 26.b4 Qc7 27.Rxc6 Qe7 28.Bh3 Kh8 29.Bxe6
Bb7 30.Rb6 Qc7 31.Bf5 Raa8 32.Re6 Bc6 33.Re7 Qb8 34.Rxg7 {#r} 1-0